000 00694nam a2200205 i 4500
001 bg
100 1 _aGOŁOŚ, Krzysztof
245 0 _aTrwałość zmęczeniowa stali w ujęciu energetycznym /
_cKrzysztof Gołoś.
260 _aWarszawa :
_bWydaw-a Politechniki Warszawskiej,
_c1989.
300 _a110 s. :
_bfot., rys., wykr. ;
_c24 cm.
490 1 _aPrace Naukowe / Politechnika Warszawska. Mechanika,
_x0137-2335 ;
_vz. 123
500 _aOpis wg. okł.
504 _aBibliogr. s. 97-105.
830 0 _aPrace Naukowe (Politechnika Warszawska).
_pMechanika
040 _cBPK
041 _apol
080 _a669.1:620.17:539.4
942 _cKS
008 s pl f |000 0 pol
999 _c29102
_d29102
856 _uhttp://koha.tu.koszalin.pl/cgi-bin/koha/opac-detail.pl?biblionumber=29102
_yKatalog online BPK